00519nam a2200169 a 4500008004100000020001800041050001600059100001600075245009600091260004900187300002200236350000900258650002100267650002000288700002300308700001800331101108s2009 ||||||||||||||||| || u a9780521709781 aT 57.95 Fre aMaule, John10aDecision behaviour, analysis and supportcby Simon French, John Maule and Nadia Papamichail aCambridge:bCambridge University Pressc2009 axxvi, 472p.: ill. a0.00 7aTECHNOLOGY2fast 0aDECISION MAKING aPapamichail, Nadia aFrench, Simon